|
|
|
|
| LEADER |
01044cam a2200253 7i4500 |
| 001 |
0000034883 |
| 005 |
20170218090000.0 |
| 008 |
100720 eng |
| 020 |
|
|
|a 9780321545886 (pbk.)
|
| 020 |
|
|
|a 0321545885 (pbk.)
|
| 040 |
|
|
|a DLC
|
| 090 |
0 |
0 |
|a QA76.73.C153
|b G33 2009
|
| 100 |
1 |
|
|a Gaddis, Tony
|
| 245 |
1 |
0 |
|a Starting out with C++ :
|b from control structures through objects
|c Tony Gaddis.
|
| 250 |
|
|
|a 6th ed.
|
| 260 |
|
|
|a Boston:
|b Pearson/Addison Wesley,
|c c2009.
|
| 300 |
|
|
|a xxvii, 1217 p.:
|b ill.;
|c 26 cm..
|
| 500 |
|
|
|a Includes index
|
| 501 |
|
|
|a WIth CD-ROM : Student resource disk : Starting out with C++ : from control structures through objects / Tony Gaddis
|
| 650 |
|
0 |
|a C++ (Computer program language)
|
| 997 |
|
|
|a Communication, Visual Art & Computing, Faculty
|b Computing, Department
|
| 998 |
|
|
|a Information Technology (Knowledge Management), Degree
|
| 999 |
|
|
|a 0000041389
|b BOK
|c OPEN SHELF
|e 2nd Floor, Bestari Jaya
|
| 999 |
|
|
|a CDR0001745
|b CD-ROM
|c OPEN SHELF
|e Circulation Counter, Bestari Jaya
|